|
|
|
|
| LEADER |
00000nam0a2200000 4500 |
| 001 |
121281 |
| 005 |
20250225063228.0 |
| 035 |
|
|
|a (RuTPU)RU\TPU\book\131352
|
| 090 |
|
|
|a 121281
|
| 100 |
|
|
|a 20070912d1973 k y0rusy50 ca
|
| 101 |
0 |
|
|a rus
|
| 102 |
|
|
|a RU
|
| 105 |
|
|
|a y dm 000zy
|
| 200 |
1 |
|
|a Литолого-геохимические особенности формированиякембрийских отложений Туруханского района (в связи с перспективами их нефтегазоносности)
|e автореферат диссертации на соискание ученой степени кандидата геолого-минералогических наук
|e спец. 04.00.08
|f Л. И. Килина
|g Томский государственный университет ; науч. рук. Н. В. Мельников , Г. Н. Перозио
|
| 210 |
|
|
|a Томск
|c [Б. и.]
|d 1973
|
| 215 |
|
|
|a 19 с.
|
| 300 |
|
|
|a Защита сост. 29.03.1973 г.
|
| 320 |
|
|
|a Библиогр.: с. 18-19 (6 назв.)
|
| 606 |
1 |
|
|a Литология
|2 stltpush
|3 (RuTPU)RU\TPU\subj\40434
|9 60283
|
| 606 |
1 |
|
|a Кембрийские отложения
|2 stltpush
|3 (RuTPU)RU\TPU\subj\14267
|9 40708
|
| 610 |
1 |
|
|a Сибирская платформа
|
| 610 |
1 |
|
|a Туруханский район
|
| 610 |
1 |
|
|a литолого-стратиграфическая характеристика
|
| 610 |
1 |
|
|a геохимия
|
| 610 |
1 |
|
|a осадкообразование
|
| 610 |
1 |
|
|a фациально-палеогеографические условия
|
| 610 |
1 |
|
|a нефтегазоносность
|
| 610 |
1 |
|
|a литолого-геохимические критерии
|
| 610 |
1 |
|
|a авторефераты диссертаций
|
| 675 |
|
|
|a 552.5(04)
|v 4
|
| 675 |
|
|
|a 551.732(04)
|v 4
|
| 686 |
|
|
|a 04.00.08
|2 oksvnk
|
| 700 |
|
1 |
|a Килина
|b Л. И.
|g Лилия Ивановна
|
| 702 |
|
1 |
|a Мельников
|b Н. В.
|4 727
|
| 702 |
|
1 |
|a Перозио
|b Г. Н.
|4 727
|
| 712 |
0 |
2 |
|a Томский государственный университет
|c 1917-2009
|7 ca
|8 rus
|2 stltpush
|3 (RuTPU)RU\TPU\col\397
|9 23396
|
| 801 |
|
1 |
|a RU
|b 63413507
|c 20070912
|g PSBO
|
| 801 |
|
2 |
|a RU
|b 63413507
|c 20201119
|g PSBO
|
| 942 |
|
|
|c BK
|